The Encyclopedia of philosophy. (Record no. 2549)

000 -LEADER
fixed length control field 00661cam a22002291 4500
001 - CONTROL NUMBER
control field 1698924
003 - CONTROL NUMBER IDENTIFIER
control field OSt
005 - DATE AND TIME OF LATEST TRANSACTION
control field 20160727142323.0
008 - FIXED-LENGTH DATA ELEMENTS--GENERAL INFORMATION
fixed length control field 740514s1967 nyu bd 000 0 eng
010 ## - LIBRARY OF CONGRESS CONTROL NUMBER
LC control number 67010059
040 ## - CATALOGING SOURCE
Original cataloging agency DLC
Transcribing agency DLC
Modifying agency DLC
050 00 - LIBRARY OF CONGRESS CALL NUMBER
Classification number REF B41.E5 1967
082 00 - DEWEY DECIMAL CLASSIFICATION NUMBER
Classification number 103
245 04 - TITLE STATEMENT
Title The Encyclopedia of philosophy.
Statement of responsibility, etc Paul Edwards, editor in chief.
260 ## - PUBLICATION, DISTRIBUTION, ETC. (IMPRINT)
Place of publication, distribution, etc New York,
Name of publisher, distributor, etc Macmillan
Date of publication, distribution, etc [1967]
300 ## - PHYSICAL DESCRIPTION
Extent 8 v.
Dimensions 29 cm.
504 ## - BIBLIOGRAPHY, ETC. NOTE
Bibliography, etc Includes bibliographical references.
650 #0 - SUBJECT ADDED ENTRY--TOPICAL TERM
Topical term or geographic name as entry element Philosophy
Form subdivision Dictionaries.
700 1# - ADDED ENTRY--PERSONAL NAME
Personal name Edwards, Paul,
Dates associated with a name 1923-2004,
Relator term ed.
906 ## - LOCAL DATA ELEMENT F, LDF (RLIN)
a 7
b cbc
c orignew
d u
e ocip
f 19
g y-gencatlg
942 ## - ADDED ENTRY ELEMENTS (KOHA)
Source of classification or shelving scheme
Koha item type Reference material
Holdings
Withdrawn status Lost status Source of classification or shelving scheme Damaged status Not for loan Home library Current library Date acquired Total Checkouts Full call number Barcode Date last seen Copy number Uniform Resource Identifier Price effective from Koha item type
          Riara University Library Riara University Library 27/07/2016   REF B41.E5 1967 7996/16 27/07/2016 C.1 Vol 1 & 2 27/07/2016 Reference material
          Riara University Library Riara University Library 27/07/2016   REF B41.E5 1967 7997/16 27/07/2016 C.2 Vol 3 & 4 27/07/2016 Reference material
          Riara University Library Riara University Library 27/07/2016   REF B41.E5 1967 7998/16 27/07/2016 C.3 Vol 5 & 6 27/07/2016 Reference material
          Riara University Library Riara University Library 27/07/2016   REF B41.E5 1967 7999/16 27/07/2016 C.4 Vol 7 & 8 27/07/2016 Reference material

Riara University Library,
P.O. Box 49940-00100,
Nairobi, Kenya.